00347nam a2200133Ia 4500008004100000020001800041041001200059082001600071100001100087245004800098260004400146300000800190650001500198221030s9999 xx 000 0 und d a10:019567698X aEnglish a105.23bLaw aJ. Law 0aOxford Language Reference Vol. Icby J. Law bOxfor University PressaNew Delhic2006 a218 aDictionary